LEADER 01501nam 22005655u 450 001 9910157462003321 005 20211006145021.0 010 $a9783318035315 010 $a3318035319 035 $a(CKB)3780000000101558 035 $a(OCoLC)967569803 035 $a(SZ-BaSKA)222585 035 $a(MiAaPQ)EBC31870231 035 $a(Au-PeEL)EBL31870231 035 $a(EXLCZ)993780000000101558 100 $a20211006d1994 uy 0 101 0 $aeng 135 $aurunu||||| 181 $ctxt$2rdacontent 182 $cc$2rdamedia 183 $acr$2rdacarrier 200 10$aHepatitis C Virus / $f editor, H.W. Reesink 205 $a1st ed. 210 $aBasel : $cS. Karger, $d1994 215 $a1 online resource (VIII + 212 pages) : $c 26 figures, 35 tables 225 1 $aIssn Series 311 08$a9783805558662 311 08$a380555866X 410 0$aIssn Series 606 $aHematology 606 $aInfectious Diseases 606 $aVirology 606 $aHepatology 606 $aInternal Medicine 606 $aTransfusion Medicine 615 14$aHematology 615 14$aInfectious Diseases 615 14$aVirology 615 24$aHepatology 615 24$aInternal Medicine 615 24$aTransfusion Medicine 676 $a616.3/623 700 $aReesink$b H.W 701 0$aReesink$b H. W$01233988 801 0$bUKSKG 801 1$bUKSKG 906 $aBOOK 912 $a9910157462003321 996 $aHepatitis C Virus$92866267 997 $aUNINA